LET comprehensive reviewer: (Record no. 2410)

MARC details
000 -LEADER
fixed length control field 01133nam a22002537a 4500
005 - DATE AND TIME OF LATEST TRANSACTION
control field 20250327074401.0
008 - FIXED-LENGTH DATA ELEMENTS--GENERAL INFORMATION
fixed length control field 250327b |||||||| |||| 00| 0 eng d
020 ## - INTERNATIONAL STANDARD BOOK NUMBER
International Standard Book Number 978-621-451-036-8
082 ## - DEWEY DECIMAL CLASSIFICATION NUMBER
Classification number Fil. 378.0076 L698 2023
100 ## - MAIN ENTRY--PERSONAL NAME
Personal name Corpuz, Brenda B.
245 ## - TITLE STATEMENT
Title LET comprehensive reviewer:
Remainder of title based on 2022 enhanced Table of Specification (TOS) for Board Licensure Examination for Professional Teachers (BLEPT): Professional education /
Statement of responsibility, etc. Corpuz, Brenda B., Nelia G. Prieto, Purita P. Bilbao, Milagros L. Borabo, Heidi Grace B. Din, Daisy A. Rosario, Helen B. Boholano, Ruben, E. Faltado III, Michelle Mae J. Olivido
260 ## - PUBLICATION, DISTRIBUTION, ETC.
Place of publication, distribution, etc. Quezon City:
Name of publisher, distributor, etc. Lorimar Publishing,
Date of publication, distribution, etc. c2023
300 ## - PHYSICAL DESCRIPTION
Extent vi, 202p.
541 ## - IMMEDIATE SOURCE OF ACQUISITION NOTE
Accession number 7793 c.1
650 ## - SUBJECT ADDED ENTRY--TOPICAL TERM
Topical term or geographic name entry element Professional education - Problems, exercises, etc.
700 ## - ADDED ENTRY--PERSONAL NAME
Personal name Prieto, Nelia G.
Relator term author
700 ## - ADDED ENTRY--PERSONAL NAME
Personal name Bilbao, Purita P.
Relator term author
700 ## - ADDED ENTRY--PERSONAL NAME
Personal name Borabo, Milagros L.
Relator term author
700 ## - ADDED ENTRY--PERSONAL NAME
Personal name Din, Heidi Grace B.
Relator term author
700 ## - ADDED ENTRY--PERSONAL NAME
Personal name Rosario, Daisy A.
Relator term author
700 ## - ADDED ENTRY--PERSONAL NAME
Personal name Boholano, Helen B.
Relator term author
700 ## - ADDED ENTRY--PERSONAL NAME
Personal name Faltado, Ruben E., III
Relator term author
700 ## - ADDED ENTRY--PERSONAL NAME
Personal name Olivido, Michelle Mae J.
Holdings
Withdrawn status Lost status Source of classification or shelving scheme Damaged status Not for loan Home library Current library Date acquired Total Checkouts Full call number Barcode Date last seen Copy number Price effective from Koha item type
    Dewey Decimal Classification     ctu-moalboal ctu-moalboal 04/13/2024   Fil. 378.0076 L698 2023 7793 03/27/2025 1 03/27/2025 Books-Filipiniana